| 000 | 01156nam a22003497a 4500 | ||
|---|---|---|---|
| 003 | DO-SdBPM | ||
| 005 | 20251014113019.0 | ||
| 006 | a||||er|||| 00| 0 | ||
| 007 | ta | ||
| 008 | 201104e2020 dr acd|| |||| 00| 0 spa d | ||
| 020 | _a9789945093421 | ||
| 040 |
_aDO-SdBPM _bspa _cBPMSU _drda |
||
| 041 | _hspa | ||
| 082 | 4 |
_a614.4 _bC873d 2020 _222 |
|
| 245 |
_aEl covid-19 en República Dominicana : _btratado por especialistas de la salud / _ceditora Evangelina Soler ; prólogo. Ángel Lockward , |
||
| 264 |
_aSanto Domingo : _bFUNDESEP, _c2020 . |
||
| 300 |
_a275 páginas ; _c21 cm |
||
| 336 |
_atexto _btxt _2rdacontent |
||
| 337 |
_asin mediación _bn _2rdamedia |
||
| 338 |
_avolumen _bnc _2rdacarrier |
||
| 590 | _aInventariado, 2025 / VM | ||
| 648 | _z | ||
| 650 | 7 |
_aCOVID-19 _zRepública Dominicana |
|
| 650 | 7 |
_aInfecciones por coronavirus _v |
|
| 650 | 7 | _aVigilancia de salud pública | |
| 650 | 7 |
_aVirus _zRepública Dominicana |
|
| 650 | 7 |
_aCOVID-19 _xAspectos sociales |
|
| 700 | 1 |
_aSoler, Evangelina _eeditora |
|
| 700 | 1 |
_aLockward, Angel, _eprólogo |
|
| 910 | _a VMateo V. Control de calidad. BPMSU | ||
| 942 |
_2ddc _cBK |
||
| 999 |
_c15436 _d15436 |
||